Statistics for Countries starting with A on the Clickable Blue World Map Quiz

Click here to take the quiz!

General Stats

  • This quiz has been taken 661 times
  • The average score is 7 of 9

Answers on the Map

Answers color-coded by a green-red scale on the quiz's map according to % correct below.
 

Answer Stats

Answer% Correct
Argentina
85%
Afghanistan
84%
Angola
80%
Australia
79%
Albania
78%
Austria
77%
Algeria
75%
Armenia
66%
Azerbaijan
62%

Score Distribution

Percentile by Number Answered

Percent of People with Each Score

Your Score History

You have not taken this quiz